| 000 | 00543nam a2200217 a 4500 | ||
|---|---|---|---|
| 999 |
_c6850 _d6850 |
||
| 001 | 6850 | ||
| 003 | BD-JhCC | ||
| 005 | 20200408134007.0 | ||
| 008 | 180131s1962 e a|||| || | 000 0 eng d | ||
| 035 | _a(BD-JhCC)6850 | ||
| 040 |
_aBD-JhCC _dBD-JhCC |
||
| 041 | _aeng | ||
| 082 |
_a823.91 _bROB 1962 |
||
| 100 | _aRobb, John | ||
| 245 |
_aKit Carson War Scout / _cJohn Robb, |
||
| 260 |
_aLondon : _bCollins London and Glasgow, _c1962 |
||
| 300 |
_a188 p. : _c20 cm. |
||
| 650 | _aWestern Stories | ||
| 942 |
_2ddc _cBK _01 |
||